Online
Catalog

Introducción a la sicología / (Record no. 23156)

MARC details
000 -CABECERA
campo de control de longitud fija 00544nam a2200193 u 4500
001 - NÚMERO DE CONTROL
campo de control 000023660
005 - FECHA Y HORA DE LA ÚLTIMA TRANSACCIÓN
campo de control 20250520113530.0
008 - DATOS DE LONGITUD FIJA--INFORMACIÓN GENERAL
campo de control de longitud fija 101216s1996 sp a r 000 | spa d
020 ## - NÚMERO INTERNACIONAL ESTÁNDAR DEL LIBRO
Número Internacional Estándar del Libro 1563281155
040 ## - FUENTE DE LA CATALOGACIÓN
Centro catalogador/agencia de origen DO-SdBNP
Lengua de catalogación spa
Centro/agencia transcriptor BNPHU
082 ## - NÚMERO DE LA CLASIFICACIÓN DECIMAL DEWEY
Número de clasificación 150
Número de documento/Ítem V323i
049 ## - FONDOS LOCALES (OCLC)
Fondos de biblioteca BNGR
100 1# - ENTRADA PRINCIPAL--NOMBRE DE PERSONA
Nombre de persona Varona, Carlos
9 (RLIN) 48745
245 10 - MENCIÓN DE TÍTULO
Título Introducción a la sicología /
Mención de responsabilidad, etc. Carlos Varona.
260 ## - PUBLICACIÓN, DISTRIBUCIÓN, ETC.
Lugar de publicación, distribución, etc. Madrid : Playor, D.L. 1987.
300 ## - DESCRIPCIÓN FÍSICA
Extensión 346 p. : il. ; 23 cm.
500 ## - NOTA GENERAL
Nota general Incluye índice onosmástico y glosario
650 #0 - PUNTO DE ACCESO ADICIONAL DE MATERIA--TÉRMINO DE MATERIA
Término de materia o nombre geográfico como elemento de entrada Psicología
9 (RLIN) 152
Holdings
Estado de retiro Estado de pérdida Restricciones de uso No para préstamo Código de colección Localización permanente Ubicación/localización actual Ubicación en estantería Fecha de adquisición Número de inventario Total de préstamos Signatura topográfica completa Código de barras Fecha visto por última vez Precio válido a partir de Tipo de ítem Koha
      Excluido de préstamo Monografías: Libros y Folletos General General En catalogación 16.12.2010 LF1   150 V323i 23660-10 25.06.2020 25.06.2020 No se presta

Powered by Koha